000 00836cam a2200241 a 4500
001 000007153
005 20200929154100.0
008 970909s1996 mx f001 0bspa d
020 _a9682988764
040 _aDO-SdBNP
_cZCU
_dPL#
_dGZM
_dUIU
_dOCL
_dDLC
082 _a927.5
_bS326s
100 1 _aScherer García, Julio
_d1926
_93972
245 1 0 _aSiqueiros :
_bla piel y la entrana /
_cJulio Scherer García.
260 _aMéxico :
_bConsejo Nacional para la Cultura y las Artes,
_c1996.
300 _a137 p. ;
_c21 cm.
490 1 _aLecturas mexicanas
500 _a"Primera edición: 1965, Ediciones Era"--Verso.
600 1 4 _aSIQUEIROS, DAVID ALFARO,
_d1896-1974
_919854
650 4 _aPintores mexicanos
_919855
650 4 _aPintura mexicana
_919856
830 0 _aLecturas mexicanas.
_919857
910 _aCatalogación por copia / LC
999 _c6934
_d6934